000 01419namaa2200337 i 4500
003 EG-GICUC
005 20260104113846.0
008 260104s2003 ncua|||gr|||| 001 0 eng d
020 _a0807828378
_qcloth : alk. paper
020 _a9780807828373
_q(cloth : alk. paper)
040 _aEG-GiCUC
_beng
_cEG-GiCUC
_dEG-GiCUC
_erda
082 0 4 _221
_a303.4821767101821
_bE714
092 0 4 _221
_a303.4821767101821
_bE714
099 _a303.4821767101821 E714
100 1 _aErnst, Carl W.,
_d1950-
_eAuthor.
245 1 0 _aFollowing Muhammad :
_brethinking Islam in the contemporary world /
_cCarl W. Ernst.
264 _aChapel Hill :
_bUniversity of North Carolina Press,
_c2003.
300 _axxv, 244 pages :
_bIllustrations ;
_c22 cm.
336 _2rdacontent
_atext
337 _2rdamedia
_aUnmediated
338 _2rdacarrier
_avolume
490 _aIslamic civilization & Muslim networks
504 _aIncludes bibliographical references and index.
505 _aIslam in the eyes of the West -- Approaching Islam in terms of religion -- The sacred sources of Islam -- Ethics and life in the world -- Spirituality in practice -- Postscript: reimagining Islam in the twenty-first century.
541 _aDr. Jabir Usfour ;
_bCairo ;
_cGift ;
_d2024.
650 1 _aIslam
_y21st century.
_2qrmak
650 1 _aIslam
_xEssence, genius, nature.
651 1 _2qrmak
905 _aAsmaa
942 _2ddc
_cBK
_e21
_n0
999 _c177360
_d177360